Future of retail property (Record no. 107322)

MARC details
000 -LEADER
fixed length control field 01278cam a22002055a 4500
001 - CONTROL NUMBER
control field L139635
008 - FIXED-LENGTH DATA ELEMENTS--GENERAL INFORMATION
fixed length control field 070801s2007 xxko f 000 0 eng d
035 ## - SYSTEM CONTROL NUMBER
System control number (Sirsi) u139635
041 0# - LANGUAGE CODE
Language code of text/sound track or separate title eng
050 04 - LIBRARY OF CONGRESS CALL NUMBER
Classification number 711.552 $2 18
110 2# - MAIN ENTRY--CORPORATE NAME
Corporate name or jurisdiction name as entry element BCSC Research
9 (RLIN) 5297
245 00 - TITLE STATEMENT
Title Future of retail property
Remainder of title future shopping places
Medium [electronic resource]
260 ## - PUBLICATION, DISTRIBUTION, ETC.
Place of publication, distribution, etc. London
Name of publisher, distributor, etc. BCSC
Date of publication, distribution, etc. 2007
520 ## - SUMMARY, ETC.
Summary, etc. Considers current influences on the UK shopping market. Seeks to explore the kind of shopping environments which may be prevalent in the next decade. Shopping areas are entering the most significant period of renewal and regeneration yet seen. A number of new factors are influencing the design of shopping centres. Competition from e-tailing is creating the need for greater convenience. Demographics and consumer behaviour are changing. Transport is an evolving factor and accessibility is key. Integration with urban design policies is desirable. Environmental concerns and technological advance are also affecting the shopping experience.
590 ## - LOCAL NOTE (RLIN)
Local note KA
651 #4 - SUBJECT ADDED ENTRY--GEOGRAPHIC NAME
Geographic name United Kingdom
Chronological subdivision
690 ## - LOCAL SUBJECT ADDED ENTRY--TOPICAL TERM (OCLC, RLIN)
Topical term or geographic name as entry element PROPERTY-COMMERCIAL PROPERTY-RETAIL PROPERTY
856 40 - ELECTRONIC LOCATION AND ACCESS
Uniform Resource Identifier <a href="https://www.bcsc.org.uk/research/FORP/index.htm">https://www.bcsc.org.uk/research/FORP/index.htm</a>
Public note View the item free of charge at www.bcsc.org.uk...
942 ## - ADDED ENTRY ELEMENTS (KOHA)
Suppress in OPAC 0
Holdings
Withdrawn status Lost status Source of classification or shelving scheme Damaged status Not for loan Home library Current library Shelving location Date acquired Total Checkouts Full call number Barcode Date last seen Copy number Price effective from Koha item type
    Dewey Decimal Classification     Virtual Virtual Online 01/08/2007   L139635 139635-1001 06/08/2019 1 06/08/2019 Book